Datum a čas kvízu

27 Celkem bodů Celkový počet nahraných bodů na tomto kvízu bez doplňovacích otázek.
14. Pořadí na kvízu Konečné umístění týmu na tomto kvízu.

Zaznamenané odpovědi

# Otázka Odpověď Body Výsledky
1. Rada České televize minulý týd... Sama doma 0
2. Cukrárna Café Lieb v německém... C) na tancích a s děly 0
3. Po tříleté pauze se na obrazov... Příběh služebnice 0
4. Minulý týden se Česko po 60 le... Transalpský ropovod (Transalpine Pipeline, TAL) 0
5. České hokejistky na domácím mi... USA 0
6. Togo a Tonga sice mají podobné... A 0
7. Dříve v Prusku, nyní v Rusku.... Kaliningrad 0
8. Který z těchto států má největ... A 1
9. Kterými úředními jazyky se mlu... angličtinou; španělštinou 0.5
10. Ke kvízu patří i pivo, které s... Turnov; Trutnov 0.5